000 00700nam a2200241 i 4500
001 C2-0305715
003 PPAK
005 20180728091049.0
008 100901s2010 my a|||| ||||| | may d
020 _a9789675367472
040 _aPPAK
_beng
_cPPAK
_erda
082 0 4 _a899.233
_223
090 0 0 _a899.233
_bMER
_dK
100 0 _aMersik Romoyu,
_eauthor
245 1 0 _aDol Leman :
_bmisteri kelibat terbang
264 1 _aBandar Baru Bangi, Selangor :
_bKarnaDya Solutions ,
_c2010
300 _a151 pages :
_billustrations ;
_c19 cm
336 _2rdacontent
_atext
337 _2rdamedia
_aunmediated
338 _2rdacarrier
_avolume
650 1 0 _aChildren's stories, Malay.
942 _ddc
_cB
999 _c108706
_d108706